书目信息 |
| 题名: |
持续发展导论
|
|
| 作者: | 牛文元 著 | |
| 分册: | ||
| 出版信息: | 北京 科学出版社 1994.5 |
|
| 页数: | 327页 | |
| 开本: | 16开 | |
| 丛书名: | ||
| 单 册: | ||
| 中图分类: | F061.3 | |
| 科图分类: | ||
| 主题词: | 经济学--分支科学 | |
| 电子资源: | ||
| ISBN: | 7-03-004343-X | |
| 000 | 00534nam0 2200193 45 | |
| 001 | 0103221671 | |
| 005 | 20031219104049.1 | |
| 010 | @a7-03-004343-X@dCNY33.00 | |
| 100 | @a20010322d1994 km y0chiy0120 ea | |
| 101 | 0 | @achi |
| 105 | @a z 000yy | |
| 200 | 1 | @a持续发展导论@AChi Xu Fa Zhan Dao Lun@f牛文元著@FNiu Wen Yuan Zhu |
| 210 | @a北京@c科学出版社@d1994.5 | |
| 215 | @a327页@d16开 | |
| 606 | 0 | @a经济学@x分支科学 |
| 690 | @aF061.3@v3 | |
| 701 | 0 | @a牛文元@4著 |
| 801 | @aCN@bTSTC@c20010322 | |
| 905 | @b295894-898@dF061.3@e13@f5 | |
| 持续发展导论/牛文元著.-北京:科学出版社,1994.5 |
| 327页;16开 |
| ISBN 7-03-004343-X:CNY33.00 |
| ● |
| 相关链接 |
|
|
|
|
正题名:持续发展导论
索取号:F061.3/13
 
预约/预借
| 序号 | 登录号 | 条形码 | 馆藏地/架位号 | 状态 | 备注 |
| 1 | 0295894 | 002958945 | 第一借阅区/ [索取号:F061.3/13] | 在馆 | |
| 2 | 0295895 | 002958954 | 第一借阅区/ [索取号:F061.3/13] | 在馆 | |
| 3 | 0295896 | 002958963 | 第一借阅区/ [索取号:F061.3/13] | 在馆 | |
| 4 | 0295897 | 002958972 | 第一借阅区/ [索取号:F061.3/13] | 在馆 | |
| 5 | 0295898 | 002958981 | 第一样本阅览室/ [索取号:F061.3/13] | 在馆 |